000 00520nam a22001697a 4500
003 BD-ChCU
005 20260112114702.0
008 260112b bg ||||| |||| 00| 0 ben d
040 _cBD-ChCU
082 _a551.6 STF
100 _aStringer, E. T.
_918998
245 _aFoundations of climatology :
_ban introduction to physical, dynamic, synoptic & geographical climatology.//
_cE. T. Stringer.
260 _aSan Francisco.
_bFreeman
_c1972
300 _axiii, 586p
650 0 _aClimate.
_919002
942 _2ddc
_cBK
_n0
999 _c110914
_d110914